姫森ルーナのオリジナル曲 - Statistics

General Stats
  • This quiz has been taken 13 times
  • The average score is 4 of 5
Answer Stats
発売日 曲名 % Correct
2024年10/11 守護ってルーナイト
100%
2022年1/30 絶対忠誠♡なのなのら!
89%
2022年10/11 ぐるぐる@まわる@まわルーナ
89%
2023年10/11 まんなかちてん
78%
2025年10/11 んなっしょいぱっしょん
56%
No matching quizzes found
Score Distribution
Percent of People with Each Score
Percentile by Number Answered
Your Score History
You have not taken this quiz